LEADER 02109nam 2200361Ia 450 001 996387949903316 005 20221108090111.0 035 $a(CKB)4940000000085431 035 $a(EEBO)2240924334 035 $a(OCoLC)36273541 035 $a(EXLCZ)994940000000085431 100 $a19970127d1681 uy | 101 0 $aeng 135 $aurbn||||a|bb| 200 15$a[The subjection of all] tr[aytors, rebels,] as well peers, as commons in Ireland to the laws, statutes, and tryals by juries of good and lawful men of England, in the King's Bench at Westminster, for treasons perpetrated by them in Ireland, or any forreign country out of the realm of England$b[electronic resource] $ebeing an argument at law made in the Court of King's Bench, Hill. 20. Caroli Regis, in the case of Connor Magwire ... (a principal contriver of the last Irish rebellion:) ... wherein are comprised many other particulars, and notable records, relating to the laws, peers, statutes, affairs of Ireland ... /$fby William Prynne .. 210 $aLondon$cPrinted for Edward Thomas ..$d1681 215 $a[20], 72 p 300 $aErrata: p. 72. 300 $aSignatures: A-B?, Cē, D-M?. 300 $aTitle within ornamental border. 300 $aImperfect: title-page mutilated, first two lines wanting; supplied from 1658 edition and Wing, Short-title catalogue, 1641-1700, P- 4091. 300 $aReproduction of original in the William Andrews Clark Memorial Library, University of California, Los Angeles. 320 $aBibliographical references in marginal notes. 330 $aeebo-0189 607 $aIreland$xHistory$yRebellion of 1641 700 $aPrynne$b William$f1600-1669.$0198500 801 0$bEAE 801 1$bEAE 801 2$bWaOLN 906 $aBOOK 912 $a996387949903316 996 $aTraytors, rebels, as well peers, as commons in Ireland to the laws, statutes, and tryals by juries of good and lawful men of England, in the King's Bench at Westminster, for treasons perpetrated by them in Ireland, or any forreign country out of the realm of England$92414181 997 $aUNISA